01246nam a22002415i 4500001000700000003000900007005001700016008004100033040002000074100003000094245017500124260010700299300002200406490008200428596009300510650004200603700002800645700003000673830009000703852006600793999001900859952012600878162368ES-MaACL20250903021743.0041108s1899 fr |||| | fre d aCAM bspa cCAM0 aPoincaré, Henri.99275110aThéorie du potentiel newtonien b: leçons professées pendant le premier semestre 1894-1895 / cpar H. Poincaré ; rédigées par Edouard Le Roy, Georges Vincent. aParis : bGauthier-Villars, imprimeur-libraire, c1899 (eEvreux : fImprimerie de Charles Hérissey) a366 p. ; c25 cm.1 aCours de la Faculté des Sciences de Paris. Cours de physique mathématique aExiste emisión con pie de imp.: "Paris : Georges Carré et C. Naud, éditeurs, 1899" 7aTeoría del potencial2embne91367570 aLe Roy, Edouard.9709281 aVincent, Georges.91337820 aCours de la Faculté des Sciences de Paris. Cours de physique mathématique9188390 aES-MaACLjG-5855 z-- Enc. hol., conservando la cub. original c162368d162368 001040708LIBXIXaATENEOMbATENEOMcDEPO2d2008-01-17eSSCl0oG-5855p1170103r2023-02-23 00:00:00w2023-02-23yMONANT